Statistics for Nordic Cities Map Quiz

Click here to take the quiz!

General Stats

  • This quiz has been taken 46,937 times
  • The average score is 8 of 12

Answers on the Map

Answers color-coded by a green-red scale on the quiz's map according to % correct below.
Loading ...
 

Answer Stats

Answer% Correct
Reykjavík
96%
Oslo
91%
Helsinki
89%
Stockholm
88%
Copenhagen
86%
Bergen
60%
Gothenburg
59%
Oulu
51%
Hammerfest
46%
Visby
44%
Aalborg
43%
Umeå
41%

Score Distribution

Percentile by Number Answered

Percent of People with Each Score

Your Score History

You have not taken this quiz